LEADER 03215oas 2201261 a 450 001 9910143261303321 005 20260127110531.0 011 $a1750-3639 035 $a(OCoLC)60627054 035 $a(CONSER) 2005263185 035 $a(CKB)954925585260 035 $a(DE-599)ZDB2029927-8 035 $a(EXLCZ)99954925585260 100 $a20050614a19909999 sy a 101 0 $aeng 135 $aurun||||||||| 181 $ctxt$2rdacontent 182 $cc$2rdamedia 183 $acr$2rdacarrier 200 10$aBrain pathology 210 $a[Zu?rich, Switzerland] $cInternational Society of Neuropathology$d1990- 210 3 $a[Oxford] $cWiley 300 $aRefereed/Peer-reviewed 311 08$a1015-6305 606 $aNervous system$xDiseases$vPeriodicals 606 $aBrain$xDiseases$vPeriodicals 606 $aNeurology$vPeriodicals 606 $aBrain$xDiseases 606 $aBrain Diseases 606 $aCerveau$xMaladies$vPe?riodiques 606 $aSyste?me nerveux$xMaladies$vPe?riodiques 606 $aNeurologie$vPe?riodiques 606 $aCerveau$xMaladies 606 $aBrain$xDiseases$2fast$3(OCoLC)fst00837607 606 $aNervous system$xDiseases$2fast$3(OCoLC)fst01036098 606 $aNeurology$2fast$3(OCoLC)fst01036390 606 $aMalalties cerebrals$2thub 606 $aNeurologia$2thub 606 $aMalalties del sistema nerviós$2thub 608 $aPeriodical. 608 $aperiodicals.$2aat 608 $aPeriodicals.$2fast 608 $aPeriodicals.$2lcgft 608 $aPe?riodiques.$2rvmgf 608 $aRevistes electròniques.$2thub 615 0$aNervous system$xDiseases 615 0$aBrain$xDiseases 615 0$aNeurology 615 0$aBrain$xDiseases. 615 2$aBrain Diseases. 615 6$aCerveau$xMaladies 615 6$aSyste?me nerveux$xMaladies 615 6$aNeurologie 615 6$aCerveau$xMaladies. 615 7$aBrain$xDiseases. 615 7$aNervous system$xDiseases. 615 7$aNeurology. 615 7$aMalalties cerebrals. 615 7$aNeurologia. 615 7$aMalalties del sistema nerviós. 676 $a616.8 712 02$aInternational Society of Neuropathology, 801 0$bOCLCS 801 1$bOCLCS 801 2$bTXA 801 2$bMYG 801 2$bOCL 801 2$bMUQ 801 2$bOCLCQ 801 2$bOCLCF 801 2$bOCLCQ 801 2$bNLGGC 801 2$bOCLCQ 801 2$bOCLCO 801 2$bOCLCQ 801 2$bNLE 801 2$bOCLCQ 801 2$bOCLCA 801 2$bAU@ 801 2$bOCLCO 801 2$bWYU 801 2$bUKMGB 801 2$bAUD 801 2$bU3W 801 2$bVT2 801 2$bOCLCO 801 2$bOCLCA 801 2$bOCLCQ 801 2$bOCLCO 801 2$bNJT 801 2$bOCLCA 801 2$bCASUM 801 2$bDLC 801 2$bOCLCO 801 2$bQGK 801 2$bOCLCQ 801 2$bOCLCO 801 2$bUBY 801 2$bOCLCQ 801 2$bUAB 801 2$bOCLCL 801 2$bSFB 801 2$bOCLCL 801 2$bOCLCQ 906 $aJOURNAL 912 $a9910143261303321 996 $aBrain pathology$91888078 997 $aUNINA